| 000 -LEADER |
| fixed length control field |
00774nam a2200229 a 4500 |
| 001 - CONTROL NUMBER |
| control field |
19130 |
| 003 - CONTROL NUMBER IDENTIFIER |
| control field |
BD-DhUAP |
| 005 - DATE AND TIME OF LATEST TRANSACTION |
| control field |
20200204131434.0 |
| 008 - FIXED-LENGTH DATA ELEMENTS--GENERAL INFORMATION |
| fixed length control field |
141007s2005 bg a b 001 0 eng |
| 020 ## - INTERNATIONAL STANDARD BOOK NUMBER |
| International Standard Book Number |
9843219392 |
| 040 ## - CATALOGING SOURCE |
| Original cataloging agency |
DLC |
| Transcribing agency |
DLC |
| Modifying agency |
BD-DhUAP |
| Language of cataloging |
Eng |
| 082 ## - DEWEY DECIMAL CLASSIFICATION NUMBER |
| Edition number |
23 |
| Classification number |
320.95492 HUS |
| 100 1# - MAIN ENTRY--PERSONAL NAME |
| Personal name |
Hussain, Motahar. |
| 9 (RLIN) |
5947 |
| 245 10 - TITLE STATEMENT |
| Title |
Development administration in Bangladesh / |
| Statement of responsibility, etc. |
Motahar Hussain. |
| 250 ## - EDITION STATEMENT |
| Edition statement |
Rev. 2nd ed. |
| 260 ## - PUBLICATION, DISTRIBUTION, ETC. |
| Place of publication, distribution, etc. |
Dhaka : |
| Name of publisher, distributor, etc. |
Bangla Academy; |
| -- |
A H Development Publishing House |
| Date of publication, distribution, etc. |
c2005. |
| 300 ## - PHYSICAL DESCRIPTION |
| Extent |
xiv, 208 pages : |
| Other physical details |
illustrations ; |
| Dimensions |
23 cm. |
| 504 ## - BIBLIOGRAPHY, ETC. NOTE |
| Bibliography, etc. note |
Includes bibliographical references (p. 189-196) and index. |
| 650 #0 - SUBJECT ADDED ENTRY--TOPICAL TERM |
| Topical term or geographic name entry element |
Bureaucracy |
| Geographic subdivision |
Bangladesh. |
| 9 (RLIN) |
5948 |
| 651 #0 - SUBJECT ADDED ENTRY--GEOGRAPHIC NAME |
| Geographic name |
Bangladesh |
| General subdivision |
Politics and government |
| Chronological subdivision |
1971- |
| 9 (RLIN) |
5949 |
| 942 ## - ADDED ENTRY ELEMENTS (KOHA) |
| Source of classification or shelving scheme |
|
| Koha item type |
Book |